书目信息 |
| 题名: |
改变世界的120项神奇发明
|
|
| 作者: | 埃肯森 , 班尼特 著 ;周皓 , 孙桂林 , 周亚芳 译 | |
| 分册: | ||
| 出版信息: | 北京 北京时代华文书局 2020.08 |
|
| 页数: | 321页 | |
| 开本: | 24cm | |
| 丛书名: | ||
| 单 册: | ||
| 中图分类: | N19 | |
| 科图分类: | ||
| 主题词: | 创造发明--chuang zao fa ming--世界 | |
| 电子资源: | ||
| ISBN: | 978-7-5699-3436-6 | |
| 000 | 01214nam0 2200277 450 | |
| 001 | 0106081908 | |
| 005 | 20201106082047.0 | |
| 010 | @a978-7-5699-3436-6@dCNY78.00 | |
| 100 | @a20200928d2020 em y0chiy50 ea | |
| 101 | 1 | @achi@ceng |
| 102 | @aCN@b110000 | |
| 105 | @ay z 000yy | |
| 106 | @ar | |
| 200 | 1 | @a改变世界的120项神奇发明@Agai bian shi jie de 120 xiang shen qi fa ming@f(美)本·埃肯森(Ben Ikenson), 杰·班尼特(Jay Bennett)著@g周皓, 孙桂林, 周亚芳译 |
| 210 | @a北京@c北京时代华文书局@d2020.08 | |
| 215 | @a321页@d24cm | |
| 330 | @a本书介绍了囊括医药、航空、计算机、农业、消费品等各个领域的120项发明,既包括美国20世纪50年代流行的阴极射线管、DNA指纹等相对传统技术领域的发明,也包括无线网络及CRISPR基因编辑技术等高新技术领域的发明,并对每一项技术都做了图解和文字详解,展示了它们的运作原理,还展示了这些发明所带来的商业上的成功奇迹。 | |
| 606 | 0 | @a创造发明@Achuang zao fa ming@y世界 |
| 690 | @aN19@v5 | |
| 701 | 1 | @c(美)@a埃肯森@Aai ken sen@gIkenson, B.@4著 |
| 701 | 1 | @c(美)@a班尼特@Aban ni te@gBannett, Jay@4著 |
| 702 | 0 | @a周皓@AZhou Hao@4译 |
| 702 | 0 | @a孙桂林@Asun gui lin@4译 |
| 702 | 0 | @a周亚芳@Azhou ya fang@4译 |
| 801 | 0 | @aCN@bBJSZM@c20201106 |
| 905 | @b1194152-5@dN19@e141@f4 | |
| 改变世界的120项神奇发明/(美)本·埃肯森(Ben Ikenson), 杰·班尼特(Jay Bennett)著/周皓, 孙桂林, 周亚芳译.-北京:北京时代华文书局,2020.08 |
| 321页;24cm |
| ISBN 978-7-5699-3436-6:CNY78.00 |
| 本书介绍了囊括医药、航空、计算机、农业、消费品等各个领域的120项发明,既包括美国20世纪50年代流行的阴极射线管、DNA指纹等相对传统技术领域的发明,也包括无线网络及CRISPR基因编辑技术等高新技术领域的发明,并对每一项技术都做了图解和文字详解,展示了它们的运作原理,还展示了这些发明所带来的商业上的成功奇迹。 |
| ● |
| 相关链接 |
|
|
|
|
正题名:改变世界的120项神奇发明
索取号:N19/141
 
预约/预借
| 序号 | 登录号 | 条形码 | 馆藏地/架位号 | 状态 | 备注 |
| 1 | 1194152 | 211941522 | 第二样本阅览室/ [索取号:N19/141] | 在馆 | |
| 2 | 1194153 | 211941531 | 第三借阅区/ [索取号:N19/141] | 在馆 | |
| 3 | 1194154 | 211941540 | 第三借阅区/ [索取号:N19/141] | 在馆 | |
| 4 | 1194155 | 211941559 | 第三借阅区/ [索取号:N19/141] | 在馆 |